000 00372pab a2200145 454500
008 180718b1989 xxu||||| |||| 00| 0 eng d
100 _aShelmerdine, Edward K.
245 _aPlanning for project management
260 _c1989
300 _a16-20
362 _aJan.
650 _aProject Management - Planning
773 _aJournal of Systems Management
909 _a16258
999 _c16258
_d16258